000 00872cad a22001935a 4500
001 L151152
008 101004e2010 xxk 000 0 eng d
035 _a(Sirsi) u151152
041 0 _aeng
110 2 _aEC Harris Research
245 0 0 _aEC Harris Research
_bmarket insight UAE, Spring 2010
_h[electronic resource]
260 _a[S.l.]
_bECHarris
_c2010
520 _aEstablishing a sustainable infrastructure legacy for the United Arab Emirates (UAE); the future; residential; corporate real estate; transportation; construction activity and pricing levels; construction cost index; preparing for the future
590 _aKA
651 4 _aUnited Arab Emirates
690 _aBUILT ENVIRONMENT-CONSTRUCTION MARKET
856 4 8 _uhttps://www.echarris.com/pdf/7516_UAE%20Cost%20Bulletin_for%20WEB.pdf
_zView the website free of charge at www.echarris.com
942 _n0
999 _c111198
_d111198